000 01360cam a2200193 4500
001 ABS65927
008 020924n2002 000 0 eng u
035 _a(Sirsi) u119827
100 _aAtkinson, D
245 _aPower abuse invalidates adjudication
260 _c2002
490 _aConstruction News
_v(6774) 11 July 2002, 12(1)
520 _aNotes that in recent case "Balfour Beatty Construction Ltd v Lambeth LBC" [2002], if an adjudication is to be used effectively, it is essential that the referring party gives the adjudicator everything required in a highly manageable form. The adjudicator should not attempt to reverse fundamental deficiencies in the material presented by one party without first giving the other party a proper opportunity to deal with the intentions and the results. He should then liaise with both parties about his findings, otherwise his decision will be invalid. Suggests that the training of adjudicators need to be more exacting in order to emphasise the needs of a case.
590 _aABS
650 _aMANAGEMENT-DISPUTE AVOIDANCE, MANAGEMENT AND RESOLUTION-DISPUTE MANAGEMENT AND RESOLUTION-ALTERNATIVE DISPUTE RESOLUTION-ADJUDICATION
650 _aBALFOUR BEATTY CONSTRUCTION LTD V LAMBETH LBC
690 _aMANGEMENT-DISPUTE AVOIDANCE, MANAGEMENT AND RESOLUTION-DISPUTE MANAGEMENT AND RESOLUTION
942 _n0
999 _c71210
_d71210